| 000 | 00645nam a2200229Ia 4500 | ||
|---|---|---|---|
| 001 | 9245 | ||
| 003 | GE_BSU | ||
| 008 | 181216s||||||||xx |||||||||||||| ||und|| | ||
| 040 | _cGE_BSU | ||
| 080 | _a821.353.1-31 | ||
| 100 | _aლორია,პარმენ | ||
| 245 | _aგანთიადი ხევში | ||
| 245 | _bრომანი | ||
| 245 | _cრედ:ნ.მალაზონია | ||
| 260 | _aბათუმი. | ||
| 260 | _bსახელგამი | ||
| 260 | _c1953 | ||
| 300 | _a359გვ;22სმ. | ||
| 653 | _aგანთიადი ხევში | ||
| 653 | _aრომანი | ||
| 942 | _cBK | ||
| 999 |
_c42547 _d42547 |
||